000 00591nam a2200217Ia 4500
005 20250508170232.0
008 008 250505s9999 xx 000 0 eng d
020 _a978-1-5297-4168-1
037 _aTextBook
040 _aFEDL
_beng
_cFEDL
041 _aeng
_2eng
084 _a375, PAN/R
_qFEDL
100 _aPanda S K
245 0 _aCurriculum development: Practices and perspective
260 _aDelhi, India
_bShipra
_c2020
300 _ax, 182p.
365 _aINR
_b999
700 _a Panda Niharika
_9783560
942 _cTB
_h375, PAN/R
999 _c1399956
_d1399956